सागर विश्वविद्यालय बैरक्स से पथरिया की पहाड़ियों का सफर (Record no. 1077)
[ view plain ]
| 000 -LEADER | |
|---|---|
| fixed length control field | 01151 a2200217 4500 |
| 005 - DATE AND TIME OF LATEST TRANSACTION | |
| control field | 20080904105618.0 |
| 008 - FIXED-LENGTH DATA ELEMENTS--GENERAL INFORMATION | |
| fixed length control field | 080904t xxu||||| |||| 00| 0 hin d |
| 010 ## - LIBRARY OF CONGRESS CONTROL NUMBER | |
| LC control number | HIN-78969 |
| 020 ## - INTERNATIONAL STANDARD BOOK NUMBER | |
| International Standard Book Number | 8177791419 |
| Terms of availability | 160.00 |
| 035 ## - SYSTEM CONTROL NUMBER | |
| System control number | HN-51316 |
| 037 ## - SOURCE OF ACQUISITION | |
| Source of stock number/acquisition | D.B.Act / pub |
| 082 ## - DEWEY DECIMAL CLASSIFICATION NUMBER | |
| Classification number | 378.5421 |
| 100 ## - MAIN ENTRY--PERSONAL NAME | |
| Personal name | सैनी, आर.एस. |
| 245 ## - TITLE STATEMENT | |
| Title | सागर विश्वविद्यालय बैरक्स से पथरिया की पहाड़ियों का सफर |
| Statement of responsibility, etc | आर.एस.सैनी |
| 246 ## - VARYING FORM OF TITLE | |
| Title proper/short title | Sagar vishvavidhyalya ; bareks se patharia ki pharhiyon ka saphar |
| Remainder of title | by R. S. Saini |
| 260 ## - PUBLICATION, DISTRIBUTION, ETC. (IMPRINT) | |
| Place of publication, distribution, etc | इलाहाबाद |
| Name of publisher, distributor, etc | साहित्य भंडार |
| Date of publication, distribution, etc | 2006 |
| 270 ## - ADDRESS | |
| Address | 50,चाहचन्द |
| City | इलाहाबाद |
| Postal code | 3 |
| 300 ## - PHYSICAL DESCRIPTION | |
| Extent | 144पृ |
| Dimensions | 22 सेमी (सजिल्द) |
| Other physical details | सचित्र |
| 942 ## - ADDED ENTRY ELEMENTS (KOHA) | |
| Institution code [OBSOLETE] | dpl |
| Koha item type | Hindi Books |
| Call number prefix | 378.5421 / सैनीआ |
| Source of classification or shelving scheme | Dewey Decimal Classification |
| Classification part | 378.5421 |
| Call number suffix | सैनीआ |
| Withdrawn status | Lost status | Damaged status | Not for loan | Collection code | Home library | Current library | Date acquired | Cost, normal purchase price | Total Checkouts | Full call number | Barcode | Date last seen | Copy number | Uniform Resource Identifier | Cost, replacement price | Price effective from | Koha item type |
|---|---|---|---|---|---|---|---|---|---|---|---|---|---|---|---|---|---|
| Not For Loan | Non-fiction | D.B.Act.Division | D.B.Act.Division | 04/09/2008 | 160.00 | 378.5421 सैनीआ | HN-51316 | 15/09/2008 | 1 | 1142 | 160.00 | 15/09/2008 | Hindi Books |
